000 00353nam a2200133Ia 4500
008 240624s9999 xx 000 0 und d
041 _aeng
082 _a519.72 CHA
100 _aCHATTERJEE DIPAK
245 _aLINEAR PROGRAMMING AND GAME THEORY
260 _c2005
_aNew Delhi
_bPrentice-Hall of India
300 _av, : 310 : p. : cm. ; 26
365 _cRS
999 _c3430
_d3430